00425nam a2200181Ia 4500008004100000020001800041050001400059100002000073245002300093245002300116260001300139260002400152260000900176300001500185300002000200300001000220300001300230170918s9999 xx 000 0 und d a9781409504849 bB893 2010 aBrumpton, Keith 4aThe missing fans / cby Keith Brumpton. aLondon : bUsborne Publishing, c2010 a89 pages : billustrations ; c19cm. eDino FC.